01295 a2200157 45000010006000000050017000060080041000230030015000640400040000790800149001192450038002682640028003063000019003345050759003531000025011125898120260407155844.0260407a1967 arg spa dAR-UNSa-BCEJYS aAR-UNSa-BCEJYSbspacAR-UNSa-BCEJYS a631.15xProducción de la explotación agrícola. Gestión de la explotación agrícola. Administración de la explotación agrícola 10aModernización de la agricultura 1aMadrid :bAguilarc1967 a184 p.c21 cm. a1. El problema y su planteamiento – 2. Atributos de la agricultura tradicional – 3. Eficiencia de la agricultura tradicional en la aplicación de los factores – 4. La doctrina del trabajo agrícola de valor nulo – 5. Implicaciones de la teoría del precio de las corrientes de renta – 6. El precio de las corrientes de renta derivadas de la agricultura tradicional – 7. Prefacio a la rentabilidad de la inversión – 8. La magnitud de las explotaciones agrícolas, el control y los alicientes – 9. Los factores de la producción ocultados bajo el título de cambio técnico – 10. Los oferentes de factores nuevos y rentables – 11. Los agricultores como demandantes de factores nuevos – 12. Inversión en la población rural1 aSchultz, Theodore W.